ბათუმის შოთა რუსთაველის სახელმწიფო უნივერსიტეტის ბიბლიოთეკა

რას გვიამბობს ქართული აგიოგრაფიული მწერლობა : (ბიბ.ჩანაწერი № 55926)

000 -ლიდერი
ფიქსირებული სიგრძის საკონტროლო ველი 01675nam a2200277Ia 4500
001 - საკონტროლო ნომერი
საკონტროლო ველი 23024
003 - საკონტროლო ნომრის იდენტიფიკატორი
საკონტროლო ველი GE_BSU
005 - ბოლო ოპერაციის თარიღი და დრო
საკონტროლო ველი 20230627115633.0
008 - ფიქსირებული სიგრძის მონაცემთა ელემენტები - ზოგადი ინფორმაცია
ფიქსირებული სიგრძის საკონტროლო ველი 181216s2006||||ge |||||||||||||| ||geo||
020 ## - წიგნის საერთაშორისო სტანდარტული ნომერი
International Standard Book Number 99940-830-6-6 წ-73
040 ## - კატალოგიზაციის წყარო
Transcribing agency GE_BSU
041 ## - ენის კოდი
Language code of text/sound track or separate title geo
080 ## - უნივერსალური ათობითი კლასიფიკაციის ინდექსი
Universal Decimal Classification number 821.353.1-343.5 წ-73
100 ## - მთავარი ჩანაწერი - პიროვნების სახელი
Personal name წოწონავა, თენგიზ
9 (RLIN) 18994
245 ## - ცნობა სათაურის შესახებ
Title რას გვიამბობს ქართული აგიოგრაფიული მწერლობა :
Remainder of title საბავშვო ქრესტომატია /
Statement of responsibility, etc თენგიზ წოწონავა ; რედ. დავით შარაშენიძე ; მხატვ. ოთარ ქანდარია.
264 ## - წარმოების, გამოცემის, დისტრიბუციის და სხვა ცნობები
გამოცემის, წარმოების, დისტრიბუციის... ადგილი თბილისი :
გამოცემის, წარმოების, დისტრიბუციის... სახელწოდება თენგიზ წოწონავას საავტ. გამ-ბა,
გამოცემის, წარმოების, დისტრიბუციის... თარიღი 2006.
300 ## - ფიზიკური აღწერა
Extent 360 გვ. ;
Dimensions 20 სმ.
500 ## - ზოგადი შენიშვნა
General note დაიბეჭდა კათოლიკოს-პატრიარქის ილია II ლოცვა-კურთხევით
520 ## - SUMMARY, ETC.
Summary, etc დაიბეჭდა კათოლიკოს-პატრიარქის ილია II ლოცვა-კურთხევით.
653 ## - INDEX TERM--UNCONTROLLED
Uncontrolled term რას გვიამბობს ქართული აგიოგრაფიული მწერლობა
653 ## - INDEX TERM--UNCONTROLLED
Uncontrolled term საბავშვო ქრესტომატია
700 ## - ADDED ENTRY--PERSONAL NAME
Personal name შარაშენიძე, დავით
Relator term რედაქტორი
9 (RLIN) 18995
700 ## - ADDED ENTRY--PERSONAL NAME
Personal name ქანდარია, ოთარ
Relator term მხატვარი
9 (RLIN) 18996
942 ## - ADDED ENTRY ELEMENTS (KOHA)
Koha item type წიგნი
Source of classification or shelving scheme
ეგზემპლარები
ჩამოწერის სტატუსი დაკარგული ეგზემპლარის სტატუსი კლასიფიკაციის წყარო ან თაროზე გაწყობის სქემა დაზიანების სტატუსი არ გაიცემა მუდმივი მდებარეობა (დაცვის ადგილი) ამჟამინდელი ადგილსამყოფელი თაროზე განთავსების ადგილი შეძენის თარიღი ღირებულება, შესყიდვის ნორმალური ფასი სრული შენახვის შიფრი შტრიხკოდი ბოლო ოპერაციის თარიღი ეგზემპლარის მიმდევრობითი ნომერი (კეტერი?) ფასის ძალაში შესვლის თარიღი ეგზემპლარის სახეობა საჯარო შენიშვნა
          ბათუმის შოთა რუსთაველის სახელმწიფო უნივერსიტეტის მთავარი ბიბლიოთეკა ბათუმის შოთა რუსთაველის სახელმწიფო უნივერსიტეტის მთავარი ბიბლიოთეკა წიგნსაცავი 2018-12-17 7.50 821.353.1-343.5 წ-73 58445 2018-12-17 58445 2018-12-17 წიგნი 7.50 ₾.